000 00821nam a2200253 i 4500
001 bg
245 1 0 _aBankowość :
_bpodręcznik akademicki : praca /
_cpod red. Władysława L. Jaworskiego i Zofii Zawadzkiej ; aut. Ireneusz Badowski [et al.].
260 _aWarszawa :
_b"Poltext",
_c2001.
300 _a908 s. :
_bil. ;
_c21 cm.
504 _aBibliogr.
650 9 _aBanki
655 _aPodręczniki akademickie
700 1 _aBadowski, Ireneusz.
700 1 _aJaworski, Władysław Leopold
_d(1929- ).
_eRed.
700 1 _aZawadzka, Zofia.
_eRed.
020 _a8388840118
040 _cBPK
041 0 _apl
080 _a336.71(075.8)
920 _a83-88840-11-8
942 _cKS
008 s pl f |000 0 pol
999 _c41735
_d41735
856 _uhttp://koha.tu.koszalin.pl/cgi-bin/koha/opac-detail.pl?biblionumber=41735
_yKatalog online BPK